000 00297nam a2200133Ia 4500
008 230411s9999 xx 000 0 und d
041 _aeng
082 _aF/610/PAN/B04443
100 _aPanda U N
245 _aNurses Dictionary
260 _aNew Delhi
300 _a726p
999 _c155098
_d155098